Sports Quiz

Random Sports or World Quiz

Manny Pacquiao World Titles Quiz Stats

 Plays Quiz not verified by Sporcle

Score 0/8 Timer 10:00
0 Plays Today
Title Fighter Beaten % Correct
WBO Welterweight (147lbs.)Miguel Cotto
94.8%
RING Junior Welterweight (140lbs.)Ricky Hatton
91.4%
WBC & RING Super Featherweight (130lbs.)Juan Manuel Marquez
81%
WBC Junior Middleweight (154lbs.)Antonio Margarito
81%
RING Featherweight (126lbs.)Marco Antonio Barrera
74.1%
WBC Lightweight (135lbs.)David Diaz
72.4%
IBF Super Bantamweight (122lbs.)Lehlohonolo Ledwaba
34.5%
WBC Flyweight (108lbs.)Chatchai Sasakul
14.7%

You're not logged in!

Compare scores with friends on all Sporcle quizzes.
OR
Log In

Show Comments

Extras

Top Quizzes Today


Score Distribution

Your Account Isn't Verified!

In order to create a playlist on Sporcle, you need to verify the email address you used during registration. Go to your Sporcle Settings to finish the process.

Report this User

Report this user for behavior that violates our Community Guidelines.

Details: